Consuming passions : the uses of cannibalism in late medieval and early modern Europe
Saved in:
| Main Author: | |
|---|---|
| Format: | Book |
| Language: | English |
| Published: |
New York :
Routledge,
2003
|
| Series: | Studies in medieval history and culture ;
; 20 |
| Subjects: | |
| Tags: |
Add Tag
No Tags, Be the first to tag this record!
|
MARC
| LEADER | 00000nam a2200000 i 4500 | ||
|---|---|---|---|
| 001 | 1/86706 | ||
| 008 | 080527s2003 eng d | ||
| 020 | |a 978-0-415-96699-3 | ||
| 020 | |a 0-415-96699-X | ||
| 035 | |l 10097713 | ||
| 040 | |a GR-MY-UA |b gre |e aacr | ||
| 041 | 0 | |a eng | |
| 082 | 0 | |a 394.9094 |2 (22) | |
| 100 | 1 | |a Price, Merrall Llewelyn |d 1965- | |
| 245 | 1 | 0 | |a Consuming passions : |b the uses of cannibalism in late medieval and early modern Europe / |c Merrall Llewelyn Price |
| 260 | |a New York : |b Routledge, |c 2003 | ||
| 300 | |a xiii, 164 σ.; |b εικ.; |c 24 εκ. | ||
| 490 | 1 | |a Studies in medieval history and culture |v ; 20 | |
| 504 | |a Βιβλιογραφία: σ. 145-158 | ||
| 650 | 0 | 0 | |a Lord's Supper |x History |y Middle Ages, 600-1500. |
| 650 | 0 | 0 | |a Cannibalism |x History |y To 1500. |
| 650 | 0 | 0 | |a Lord's Supper |x History |y 16th century. |
| 650 | 0 | 0 | |a Cannibalism |x History |y 16th century. |
| 830 | 0 | |a Studies in medieval history and culture ; |v ; 20 | |
| 852 | |a INST |b LESVOS |e 20080527 |h 394.9094 PRI |p 005100042340 |q 005100042340 |t BK |y 0 | ||
| 901 | |a BIBL1-2008-2 | ||
| 909 | |a Λ |b 152492 | ||
| 922 | |a 1ΕΛΗ |b 200803 |c ΕΠΕΑΕΚ2/ΤΚΑ |d ΕΛΕΥΘΕΡΟΥΔΑΚΗΣ | ||
| 970 | |a ΓΙΑΛΑΜΑ |b ΜΑΡΙΑ |z 2008/05/27 | ||